Gaming Quiz

Random Gaming or Pokémon Quiz
Score 0/48 Timer 10:00
0 Plays Today
Pokédex # Pokémon Name % Correct
001Bulbasaur
100%
009Blastoise
98.8%
012Butterfree
97.5%
015Beedrill
97.5%
153Bayleef
93.8%
069Bellsprout
93.2%
257Blaziken
93.2%
267Beautifly
92.5%
399Bidoof
91.9%
400Bibarel
91.3%
374Beldum
90.7%
371Bagon
89.4%
412Burmy
89.4%
286Breloom
88.8%
354Banette
88.8%
427Buneary
88.8%
436Bronzor
88.8%
437Bronzong
88.8%
659Bunnelby
88.2%
182Bellossom
87.6%
411Bastiodon
87.6%
418Buizel
87%
406Budew
86.3%
625Bisharp
86.3%
Pokédex # Pokémon Name % Correct
689Barbaracle
86.3%
688Binacle
85.7%
806Blacephalon
85.7%
836Boltund
85.7%
794Buzzwole
85.1%
654Braixen
84.5%
614Beartic
83.9%
339Barboach
82.6%
343Baltoy
82.6%
525Boldore
82.6%
242Blissey
82%
628Braviary
82%
779Bruxish
82%
712Bergmite
81.4%
729Brionne
81.4%
522Blitzle
80.7%
550Basculin
80.7%
760Bewear
79.5%
626Bouffalant
78.3%
824Blipbug
76.2%
847Barraskewda
76.2%
761Bounsweet
75.8%
606Beheeyem
74.5%
438Bonsly
73.9%
Remove Ads.
Support Sporcle.
Get the best of Sporcle when you Go Orange. This ad-free experience offers more features, more stats, and more fun while also helping to support Sporcle. Thank you for becoming a member.

You're not logged in!

Compare scores with friends on all Sporcle quizzes.
OR
Log In

Show Comments

Extras

Created Dec 18, 2018ReportNominate
Tags:Pokémon Quiz, All Pokémon

Top Quizzes Today


Score Distribution

Your Account Isn't Verified!

In order to create a playlist on Sporcle, you need to verify the email address you used during registration. Go to your Sporcle Settings to finish the process.

Report this User

Report this user for behavior that violates our Community Guidelines.

Details: